| 000 | 00609pam a2200205 a 4500 | ||
|---|---|---|---|
| 020 | _a0471593869 | ||
| 040 | _cDLC | ||
| 082 | 0 | 0 | _a540 WIL 1995 A024 Or. |
| 100 | 1 | _aBodner, George M. | |
| 245 | 1 | 0 | _aChemistry, an experimental science / |
| 250 | _a2nd ed. | ||
| 260 |
_aNew York : _bWiley, _cc1995. |
||
| 300 |
_axxxii, 983, [86] p. : _bcol. ill. ; _c26 cm. |
||
| 500 | _aIncludes index. | ||
| 650 | 0 | _aChemistry. | |
| 700 | 1 | _aPardue, Harry L. | |
| 856 | 4 | 2 | _uhttp://www.loc.gov/catdir/description/wiley033/94022161.html |
| 856 | 4 | _uhttp://www.loc.gov/catdir/toc/onix03/94022161.html | |
| 942 | _cEK | ||
| 999 |
_c13838 _d13838 |
||